000 01223nam a2200289Ia 4500
003 OSt
005 20221005110619.0
006 a|||||r|||| 00| 0
007 ta
008 221004b |||||||| |||| 00| 0 hin d
020 _a9789326352888 (hbk)
_cINR 520.00
024 _a37978
037 _bBW/1690, 15/03/2018, Bookwell
_cTextual
040 _aCRL
_cCRL
_bhin
041 _2hin
_ahin
082 _aO152,3N60,MM, Q5
100 _aसिंह, राकेश कुमार, ले.
245 0 _aमहाअरण्य में गिद्ध
_b झारखंड अभ्युदय
246 _aMahāaraṇya mean giddha: zārakhanḍa abhyudaya: ek aupanyāsik ākhyāna
260 _aनई दिल्ली
_bभारतीय ज्ञानपीठ भारत
_c2015
300 _a384पृ0
_ccm.
490 _aलोकोदय ग्रन्थमाला; ग्रन्थांक 1237
650 _a हिन्दी साहित्य
650 _aहिन्दी कहानी
942 _hO152,3N60,MM, Q5
_cTEXL
_2cc
999 _c1019352
_d1019352